000 01113nkm a2200265 i 4500
001 4237
003 ES-MaACL
005 20250715193441.0
007 khrbo
008 070704s1988 sp --- g |001||spa d
100 0 _aAlfonso,
_d1902-1990
_919858
245 1 0 _aExposición de Pilar González Gómez y Antonio Aznar [
_hFotografía] /
_cAlfonso (sello).
260 _a[S.l. :
_bs.n.],
_c1988.
300 _a42 fot. :
_bb. y n. ;
_c12 x 18 cm.
500 _aDatos basados en invitación.
511 0 _aIntervienen: Pilar González Gómez (pintora), Antonio Aznar (pintor)
518 _aActo organizado por el Ateneo de Madrid, celebrado en la sala de exposiciones de Santa Catalina el martes, 2 de marzo de 1988, a las 20:00 h.
600 1 4 _aGonzález Gómez, Pilar.
_958677
600 1 7 _aAznar, Antonio,
_d1958-
_2
_9165519
610 2 4 _aAteneo de Madrid-
_xActos culturales-
_y1988-
_vFotografías.
_91903
710 2 _aAteneo de Madrid.
_91875
852 _aES-MaACL
_jFOT 51/1988
856 4 _uhttp://www.ateneodemadrid.net/biblioteca_digital/imagenes/1988/0051-1988.jpg
_zVer imagen
999 _c4237
_d4237